Problém nízkej pracovnej náročnosti doterajšieho ekonomického rastu v Slovenskej republike
Analýza vzťahu rýchlejšieho prekonávania produktivitnej medzery a vyššieho prahu rastu zamestnanosti. Hodinová produktivita práce v krajinách V4. Pomer dynamiky zmien reálnej hrubej pridanej hodnoty a zamestnanosti.
Saved in:
| Main Author: | |
|---|---|
| Format: | Book Chapter |
| Language: | Slovak |
| Subjects: | |
| Tags: |
No Tags, Be the first to tag this record!
|
MARC
| LEADER | 00000naa a2200000 4500 | ||
|---|---|---|---|
| 001 | 0161691 | ||
| 005 | 20240502072814.4 | ||
| 041 | 0 | |a slo | |
| 044 | |a SK | ||
| 245 | 1 | 0 | |a Problém nízkej pracovnej náročnosti doterajšieho ekonomického rastu v Slovenskej republike |c Karol Morvay |
| 520 | |a Analýza vzťahu rýchlejšieho prekonávania produktivitnej medzery a vyššieho prahu rastu zamestnanosti. Hodinová produktivita práce v krajinách V4. Pomer dynamiky zmien reálnej hrubej pridanej hodnoty a zamestnanosti. | ||
| 610 | 2 | 0 | |a Slovensko |
| 610 | 2 | 0 | |a Vyšehradská štvorka |
| 610 | 2 | 0 | |a produktivita práce |
| 610 | 2 | 0 | |a rast hospodársky |
| 610 | 2 | 0 | |a výkonnosť ekonomiky |
| 610 | 2 | 0 | |a nezamestnanosť |
| 610 | 2 | 0 | |a trh práce |
| 100 | 1 | |a Morvay, Karol, 1973- | |